书目信息 |
| 题名: |
统计学
|
|
| 作者: | 吴喜之 编著 | |
| 分册: | ||
| 出版信息: | 北京 中国人民大学出版社 2014 |
|
| 页数: | 167页 | |
| 开本: | 26cm | |
| 丛书名: | ||
| 单 册: | ||
| 中图分类: | C819 | |
| 科图分类: | ||
| 主题词: | 统计分析--应用软件--教材 , 统计分析 , 应用软件 | |
| 电子资源: | ||
| ISBN: | 978-7-300-18749-5 | |
| 000 | 01006nam0 2200277 450 | |
| 001 | 523 | |
| 005 | 20140905091233.12 | |
| 010 | @a978-7-300-18749-5@dCNY28.00 | |
| 100 | @a20140320d2014 em y0chiy50 ea | |
| 101 | 0 | @achi |
| 102 | @aCN@b110000 | |
| 105 | @ay z 000yy | |
| 106 | @ar | |
| 200 | 1 | @a统计学@ATong Ji Xue@dStatistics@e基于R的应用@EJi Yu R De Ying Yong@f吴喜之编著@FWu Xi Zhi Bian Zhu@zeng |
| 210 | @a北京@c中国人民大学出版社@d2014 | |
| 215 | @a167页@d26cm | |
| 300 | @a教育部经济管理类核心课程教材 | |
| 330 | @a本书通过大量例子,用简单明了的语言介绍了传统统计学的所有基本概念及方法。书中还专门用一章的内容来介绍非常重要而实用的机器学习的回归分及类方法,旨在指导读者准确理解统计最重要的基本概念,并运用计算机处理各种数据。 | |
| 510 | 1 | @aStatistics@zeng |
| 606 | 0 | @a统计分析@x应用软件@j教材 |
| 606 | 0 | @a统计分析 |
| 606 | 0 | @a应用软件 |
| 690 | @aC819@v5 | |
| 701 | 0 | @a吴喜之@AWu Xi Zhi@f(1944~)@4编著 |
| 801 | 0 | @aCN@bTANGWEI@c20140603 |
| 905 | @b0841634-36@dC819@e107@f3 | |
| 统计学=Statistics:基于R的应用/吴喜之编著.-北京:中国人民大学出版社,2014 |
| 167页;26cm |
| 教育部经济管理类核心课程教材 |
| ISBN 978-7-300-18749-5:CNY28.00 |
| 本书通过大量例子,用简单明了的语言介绍了传统统计学的所有基本概念及方法。书中还专门用一章的内容来介绍非常重要而实用的机器学习的回归分及类方法,旨在指导读者准确理解统计最重要的基本概念,并运用计算机处理各种数据。 |
| ● |
| 相关链接 |
|
|
|
|
正题名:统计学
索取号:C819/107
 
预约/预借
| 序号 | 登录号 | 条形码 | 馆藏地/架位号 | 状态 | 备注 |
| 1 | 0841634 | 208416347 | 第一样本阅览室/ [索取号:C819/107] | 在馆 | |
| 2 | 0841635 | 208416356 | 第一借阅区/ [索取号:C819/107] | 在馆 | |
| 3 | 0841636 | 208416365 | 第一借阅区/ [索取号:C819/107] | 在馆 |